| 000 | 00772nam a2200229 a 4500 | ||
|---|---|---|---|
| 005 | 20240924064054.0 | ||
| 008 | 180524s1984 mx r 000 0 spa d | ||
| 020 | _a9688450197 | ||
| 035 | _aUPN01000224944 | ||
| 049 | _aCG | ||
| 050 | 4 |
_aQ180 M6 _bP6.4 |
|
| 245 | 0 | 0 |
_aPolíticas de investigación y producción de ciencias sociales en México / _ccoord. César Carrizales. |
| 260 |
_aQuerétaro : _bUniversidad Autónoma de Querétaro, _c1984. |
||
| 300 | _a206 p. | ||
| 440 | 0 |
_aPolítica y educación en México ; _v2 |
|
| 650 | 7 |
_aInvestigación _zMéxico _2 _98077 |
|
| 650 | 4 |
_aCiencias sociales _zMéxico _910474 |
|
| 650 | 4 |
_aEducación _xInvestigación _94070 |
|
| 700 | 1 |
_aCarrizales Retamoza, César _ecoord. _937648 |
|
| 905 | _aLibro | ||
| 999 |
_c197041 _d197041 |
||